[Event "POL-chT 2nd League"]
[Site "Jastrzebia Gora"]
[Date "2022.09.10"]
[Round "8.99"]
[White "Rzeszowski, Dominik"]
[Black "Matul, Sebastian"]
[Result "1-0"]
[WhiteElo "1855"]
[BlackElo "1773"]
[PlyCount "83"]
[EventDate "2022.09.03"]
[EventType "team-swiss"]
[EventRounds "9"]
[EventCountry "POL"]
[SourceTitle "CBM 210 Extra"]
[Source "ChessBase"]
[SourceDate "2022.11.30"]
[SourceVersion "1"]
[SourceVersionDate "2022.11.30"]
[SourceQuality "1"]
[WhiteTeam "Bialoleka Sparta"]
[BlackTeam "Choszczno Skoczek"]
[WhiteTeamCountry "POL"]
[BlackTeamCountry "POL"]

1. e4 e6 2. d4 d5 3. Nd2 Nf6 4. e5 Nfd7 5. c3 c5 6. Bd3 Nc6 7. Ne2 cxd4 8. cxd4 Qb6 9. Nf3 f6 10. exf6 Nxf6 11. 0-0 Bd6 12. Re1 0-0 13. Nc3 Bd7 14. Bg5 a6 15. Ne5 Qc7 16. Bxf6 Rxf6 17. Qh5 g6 18. Qg5 Bxe5 19. dxe5 Rf7 20. Nxd5 exd5 21. e6 Bxe6 22. Rxe6 Qf4 23. Qxf4 Rxf4 24. Rd6 Rd4 25. Bc2 Rd8 26. Rxd8+ Nxd8 27. Rd1 Rxd1+ 28. Bxd1 Kf7 29. Bb3 Ke6 30. f4 Nc6 31. g4 Nb4 32. Kf2 Nd3+ 33. Ke3 Nxb2 34. Kd4 Nc4 35. f5+ gxf5 36. gxf5+ Kf6 37. Kxd5 Ne3+ 38. Kc5 Nxf5 39. Bd5 b5 40. Bb7 Ke7 41. Bxa6 Kd8 42. Bxb5 1-0